000 00849nam a22002417a 4500
999 _c65065
_d65065
005 20240530110805.0
008 190226s2017 ua g 000 1 ara d
017 _a2017/4253
_bمصر. دار الكتب
020 _a9789779111728
040 _aEG-CaGPL
_cEG-CaGPL
082 0 4 _221
_a818.03/
_bأ م
100 0 _aاشرف البولاقى
245 1 0 _aمصر وانا وثورة الفيس بوك /
_cاشرف البولاقى
260 _aالقاهرة :
_bالهيئة المصرية العامة للكتاب،
_c2017.
300 _a264 ص. ؛
_c19 سم.
650 0 7 _2qrmak
_aالادب العربى
650 0 7 _2qrmak
_aالادب العربى
_xالفيسبوك
650 0 7 _2qrmak
_aالمذكرات
651 _2qrmak
653 0 _aالمفكرات الادبية
942 _2ddc
_cBK